| 000 | 00321nam a22001337a 4500 | ||
|---|---|---|---|
| 082 |
_a346.02 _bABB |
||
| 100 | _aAbbas, K. B. | ||
| 245 |
_aThe Contract Act with Commentary / _cK. B. Abbas |
||
| 260 |
_aLahore: _bPLD Publishers, _c2023. |
||
| 300 | _a315p. ; | ||
| 563 | _aHB | ||
| 650 |
_aLaw _935302 |
||
| 942 |
_2ddc _cBK |
||
| 999 |
_c613149 _d613149 |
||